Iwao Takamoto (Record no. 156229)
[ view plain ]
| 000 -LEADER | |
|---|---|
| fixed length control field | 01517nam a2200385 a 4500 |
| 100 1# - MAIN ENTRY--AUTHOR NAME | |
| Personal name | Takamoto, Iwao. |
| 245 10 - TITLE STATEMENT | |
| Title | Iwao Takamoto |
| 260 ## - PUBLICATION, DISTRIBUTION, ETC. (IMPRINT) | |
| Place of publication | Jackson : |
| Name of publisher | University Press of Mississippi, |
| Year of publication | c2009. |
| 300 ## - PHYSICAL DESCRIPTION | |
| Number of Pages | xi, 206 p., [24] p. of plates : |
| Other physical details | ill. (some col.). |
| 500 ## - GENERAL NOTE | |
| General note | Includes index. |
| 650 #0 - SUBJECT ADDED ENTRY--TOPICAL TERM | |
| Topical Term | Animators |
| Topical Term | Animation (Cinematography) |
| 700 1# - ADDED ENTRY--PERSONAL NAME | |
| Personal name | Mallory, Michael. |
| 856 40 - ELECTRONIC LOCATION AND ACCESS | |
| Uniform Resource Identifier | http://site.ebrary.com/lib/rucke/Doc?id=10340766 |
No items available.
